000 01178cam a22003497i 4500
001 20165827
003 ARRUPE
005 20221125151008.0
008 171206s2018 ilu b 000 0 eng d
010 _a 2017963072
015 _aGBB893428
_2bnb
016 7 _a018875422
_2Uk
020 _a082944663X
020 _a9780829446630
028 _bArrupe
035 _a(OCoLC)on1019579402
040 _aYDX
_beng
_cYDX
_erda
_dBDX
_dORX
_dKPS
_dOCLCF
_dOCLCQ
_dXII
_dUKMGB
_dDLC
042 _alccopycat
050 0 0 _aBF637.S4
_bL69 2018
082 0 4 _a158.1
_223
100 1 _aLowney, Chris,
_eauthor.
245 1 0 _aMake today matter :
_b10 habits for a better life (and world) /
_cChris Lowney.
246 3 0 _a10 habits for a better life (and world)
246 3 _aTen habits for a better life (and world)
300 _ax, 109 pages ;
_c19 cm
504 _aIncludes bibliographical references (pages 105-108).
650 0 _aSelf-actualization (Psychology)
_98460
650 7 _aSelf-actualization (Psychology)
_2fast
_98460
906 _a7
_bcbc
_ccopycat
_d2
_encip
_f20
_gy-gencatlg
942 _2lcc
_cMONOGRAPH
999 _c131573
_d131573